[Event "FRA-chT2 0910"]
[Site "France"]
[Date "2009.12.12"]
[Round "5.3"]
[White "Mayer, Jean Marc"]
[Black "Eusebe, Aurelien"]
[Result "0-1"]
[WhiteElo "2223"]
[BlackElo "2239"]
[PlyCount "66"]
[EventDate "2009.09.27"]
[EventType "team-tourn"]
[EventRounds "11"]
[EventCountry "FRA"]
[SourceTitle "EXT 2011"]
[Source "ChessBase"]
[SourceDate "2010.11.26"]
[SourceVersion "1"]
[SourceVersionDate "2010.11.26"]
[SourceQuality "1"]

1. d4 d5 2. c4 e6 3. Nf3 Nf6 4. Nc3 c6 5. Bf4 dxc4 6. e3 b5 7. Bxb8 Rxb8 8. Ne5 Bb7 9. Be2 Bb4 10. 0-0 0-0 11. Rc1 a6 12. Bf3 Qd6 13. Qc2 Bxc3 14. Qxc3 Nd5 15. Qd2 f6 16. Ng4 h5 17. Nh6+ gxh6 18. e4 Nf4 19. Qe3 Kg7 20. Rc3 e5 21. Rd1 Nd3 22. dxe5 Qxe5 23. Be2 Nf4 24. Bf1 Rfd8 25. Rxd8 Rxd8 26. Qb6 Rd7 27. Rg3+ Kh7 28. Qe3 Rd4 29. Rf3 Rxe4 30. Qa7 Qe7 31. Qb8 Ng6 32. h3 c5 33. Rf5 Re5 0-1

[Event "Livry Gargan op rap"]
[Site "Livry Gargan"]
[Date "2009.05.10"]
[Round "6"]
[White "Eusebe, Aurelien"]
[Black "David, Alberto"]
[Result "0-1"]
[WhiteElo "2240"]
[BlackElo "2587"]
[PlyCount "80"]
[EventDate "2009.05.10"]
[EventType "swiss"]
[EventRounds "9"]
[EventCountry "FRA"]
[SourceTitle "CBM 130 Extra"]
[Source "ChessBase"]
[SourceDate "2009.07.02"]
[SourceVersion "2"]
[SourceVersionDate "2009.07.15"]
[SourceQuality "1"]

1. e4 c5 2. Nf3 e6 3. b3 b6 4. d4 cxd4 5. Nxd4 Bb7 6. Nb5 Bxe4 7. N1c3 Bc6 8. Bf4 Na6 9. Bd6 Nf6 10. Qd4 Be7 11. Bxe7 Kxe7 12. Qd6+ Ke8 13. 0-0-0 Qe7 14. Kb2 Kf8 15. f3 Qxd6 16. Nxd6 Nc7 17. a4 Nfe8 18. Ncb5 Bxb5 19. Bxb5 Nxb5 20. axb5 Ke7 21. Nxe8 Rhxe8 22. c4 a6 23. bxa6 Rxa6 24. Ra1 Rea8 25. Rxa6 Rxa6 26. Rd1 Ra5 27. Rd2 Kd8 28. b4 Re5 29. Kb3 Re3+ 30. Ka4 Kc7 31. Kb5 Re5+ 32. c5 bxc5 33. bxc5 f5 34. Ra2 Kb7 35. Kc4 g5 36. Rb2+ Kc6 37. Rb6+ Kc7 38. Rb2 h5 39. Kd4 Rd5+ 40. Kc4 g4 0-1

[Event "FRA-chT2 North 0809"]
[Site "France"]
[Date "2009.04.05"]
[Round "11.2"]
[White "Draoui, Najib"]
[Black "Eusebe, Aurelien"]
[Result "1-0"]
[WhiteElo "2361"]
[BlackElo "2241"]
[PlyCount "85"]
[EventDate "2008.10.19"]
[EventType "team-tourn"]
[EventRounds "11"]
[EventCountry "FRA"]
[SourceTitle "EXT 2010"]
[Source "ChessBase"]
[SourceDate "2010.11.25"]
[SourceVersion "1"]
[SourceVersionDate "2010.11.25"]
[SourceQuality "1"]
[WhiteTeam "Chess XV"]
[BlackTeam "Livry Gargan"]
[WhiteTeamCountry "FRA"]
[BlackTeamCountry "FRA"]

1. e4 c5 2. Nf3 Nc6 3. Nc3 g6 4. d4 cxd4 5. Nxd4 Bg7 6. Be3 Nf6 7. Be2 0-0 8. f4 d6 9. Nb3 Be6 10. 0-0 Qc8 11. Kh1 Bg4 12. Bg1 Bxe2 13. Qxe2 Qe6 14. Rae1 b6 15. Qb5 Rfc8 16. h3 Rab8 17. Bh2 Rb7 18. Re2 Qd7 19. e5 Ne8 20. Rd1 Nb8 21. Qb4 Nc6 22. Qe4 Qf5 23. Qf3 dxe5 24. g4 Qe6 25. fxe5 Rd7 26. Rxd7 Qxd7 27. Nd5 e6 28. Nc3 Na5 29. Nxa5 bxa5 30. Kg2 a4 31. b3 axb3 32. axb3 a5 33. Ne4 Qd1 34. c4 Bf8 35. Rd2 Qxf3+ 36. Kxf3 Bb4 37. Rd7 h6 38. Rb7 Rd8 39. Ke3 Kg7 40. c5 Rc8 41. Kd4 Rc6 42. Kc4 Nc7 43. Rb6 1-0

[Event "Angers op 1st"]
[Site "Angers"]
[Date "2006.05.07"]
[Round "4"]
[White "Starostits, Ilmars"]
[Black "Eusebe, Aurelien"]
[Result "1-0"]
[WhiteElo "2460"]
[BlackElo "2219"]
[PlyCount "79"]
[EventDate "2006.05.06"]
[EventType "swiss"]
[EventRounds "6"]
[EventCountry "FRA"]
[SourceTitle "CBM 112 Extra"]
[Source "ChessBase"]
[SourceDate "2006.07.14"]
[SourceVersion "1"]
[SourceVersionDate "2006.07.14"]
[SourceQuality "1"]

1. e4 c5 2. Nf3 Nc6 3. d4 cxd4 4. Nxd4 g6 5. Nc3 Bg7 6. Be3 Nf6 7. Bc4 0-0 8. Bb3 d6 9. f3 Bd7 10. Qe2 a6 11. 0-0-0 Qc7 12. g4 Nxd4 13. Bxd4 e5 14. Be3 Be6 15. h4 b5 16. h5 b4 17. Nd5 Bxd5 18. Bxd5 Nxd5 19. Rxd5 Rfc8 20. Qh2 Bf8 21. Kb1 Rab8 22. f4 Rb7 23. f5 Qc4 24. Qg2 Rbc7 25. Rh2 Rb8 26. Qh1 Rbb7 27. b3 Qc6 28. fxg6 fxg6 29. hxg6 Qe8 30. Rh5 Rg7 31. gxh7+ Rxh7 32. Rd2 Rxh5 33. gxh5 Rh7 34. Rh2 Bg7 35. h6 Bf6 36. Qf1 Rf7 37. Rg2+ Kh7 38. Rf2 Qe6 39. Bg5 Kg6 40. Bxf6 1-0

[Event "Angers op 1st"]
[Site "Angers"]
[Date "2006.05.06"]
[Round "2"]
[White "Bailet, Pierre"]
[Black "Eusebe, Aurelien"]
[Result "0-1"]
[WhiteElo "2003"]
[BlackElo "2219"]
[PlyCount "52"]
[EventDate "2006.05.06"]
[EventType "swiss"]
[EventRounds "6"]
[EventCountry "FRA"]
[SourceTitle "CBM 112 Extra"]
[Source "ChessBase"]
[SourceDate "2006.07.14"]
[SourceVersion "1"]
[SourceVersionDate "2006.07.14"]
[SourceQuality "1"]

1. Nf3 Nf6 2. d4 c5 3. d5 e6 4. Nc3 exd5 5. Nxd5 Nxd5 6. Qxd5 Nc6 7. Bf4 Qf6 8. Bc1 Nb4 9. Qd1 Qg6 10. Ne5 Nxc2+ 11. Kd2 Qd6+ 12. Kxc2 Qxe5 13. e4 Be7 14. Bd2 0-0 15. Bc3 Qf4 16. f3 d6 17. Bc4 Be6 18. Bd5 Bxd5 19. Qxd5 b5 20. Rad1 a5 21. Be1 Rfd8 22. Bg3 Qf6 23. Qh5 a4 24. Rhe1 g6 25. e5 Qg7 26. Qg4 a3 0-1

[Event "Paris op"]
[Site "Paris"]
[Date "1998.??.??"]
[Round "1"]
[White "Charmeaux, Philippe"]
[Black "Eusebe, Aurelien"]
[Result "0-1"]
[WhiteElo "2080"]
[BlackElo "2220"]
[PlyCount "148"]
[EventDate "1998.07.??"]
[EventType "swiss"]
[EventRounds "9"]
[EventCountry "FRA"]
[SourceTitle "EXT 2000"]
[Source "ChessBase"]
[SourceDate "1999.11.16"]
[SourceVersion "1"]
[SourceVersionDate "1999.11.16"]
[SourceQuality "1"]

1. e4 c5 2. Nf3 Nc6 3. Bb5 g6 4. 0-0 Bg7 5. d3 Qb6 6. Bxc6 Qxc6 7. a4 Nf6 8. Ne5 Qc7 9. Ng4 Nxg4 10. Qxg4 d5 11. Qh4 d4 12. Bh6 Bf6 13. Bg5 Bxg5 14. Qxg5 Be6 15. Na3 a6 16. Rab1 0-0 17. f4 f6 18. Qh4 Rf7 19. Rbe1 Kh8 20. b3 Qc6 21. Nc4 b5 22. Nb2 c4 23. dxc4 bxc4 24. f5 gxf5 25. exf5 Bd5 26. Qxd4 cxb3 27. cxb3 Bxg2 28. Re6 Qd5 29. Qxd5 Bxd5 30. Re3 Rg7+ 31. Rg3 Rb8 32. Rd1 Bxb3 33. Rd7 Rxg3+ 34. hxg3 Bc2 35. Nc4 Re8 36. Nb6 Bxf5 37. Ra7 Bd3 38. Nd5 Kg7 39. Nxe7 Kh6 40. Nc6 Re6 41. Nb4 Bc4 42. Rc7 Bb3 43. a5 Kg6 44. Nd3 Rd6 45. Nc5 Bc4 46. Nd7 Bd3 47. Kf2 h5 48. Ke3 Bb5 49. Nc5 Rd1 50. Kf4 Rf1+ 51. Ke4 Ra1 52. Ne6 Ra4+ 53. Kf3 Ra3+ 54. Kf4 Ra4+ 55. Kf3 Kf5 56. Ng7+ Ke5 57. Rc5+ Kd6 58. Rxh5 Rxa5 59. Nf5+ Ke6 60. Nd4+ Kf7 61. g4 Ra3+ 62. Ke4 Bd3+ 63. Kf4 a5 64. Rd5 a4 65. Nf5 Rb3 66. Rd7+ Ke8 67. Re7+ Kd8 68. Re6 a3 69. Rxf6 Rb4+ 70. Ke3 Bb5 71. Nd4 a2 72. Nc2 Rb2 73. Na1 Rb1 74. Rf8+ Ke7 0-1

[Event "Bagneux"]
[Site "Bagneux"]
[Date "1998.??.??"]
[Round "8"]
[White "Eusebe, Aurelien"]
[Black "Bartha, Sandor"]
[Result "1-0"]
[WhiteElo "2170"]
[BlackElo "2265"]
[PlyCount "81"]
[EventDate "1998.07.??"]
[EventType "tourn"]
[EventRounds "9"]
[EventCountry "FRA"]
[EventCategory "3"]
[SourceTitle "EXT 1999"]
[Source "ChessBase"]
[SourceDate "1998.11.16"]
[SourceVersion "1"]
[SourceVersionDate "1998.11.16"]
[SourceQuality "1"]

1. e4 c5 2. Nf3 d6 3. Bb5+ Bd7 4. Bxd7+ Nxd7 5. 0-0 g6 6. c3 Bg7 7. d4 Qc7 8. Qe2 e6 9. Bf4 e5 10. dxe5 dxe5 11. Bg5 h6 12. Be3 Ne7 13. Nfd2 0-0 14. a4 f5 15. f3 f4 16. Bf2 b6 17. a5 Kh7 18. Na3 Qc6 19. Rfd1 Rfd8 20. Qa6 g5 21. Ndc4 Nf8 22. axb6 Qg6 23. Nc2 g4 24. b7 Rxd1+ 25. Rxd1 Qxa6 26. bxa8Q Qxc4 27. Qd8 Neg6 28. Qd5 Qb5 29. b4 Qa4 30. Rd2 cxb4 31. cxb4 gxf3 32. gxf3 Qe8 33. Ne1 a6 34. Qb7 Qa4 35. Rd6 Qb3 36. Rxa6 Ne6 37. Qd5 Qxd5 38. exd5 Nd4 39. Bxd4 exd4 40. Nd3 Kg8 41. Rxg6 1-0

[Event "Bagneux"]
[Site "Bagneux"]
[Date "1998.??.??"]
[Round "6"]
[White "Eusebe, Aurelien"]
[Black "Fiol, Fabrice"]
[Result "1-0"]
[WhiteElo "2170"]
[BlackElo "2260"]
[PlyCount "67"]
[EventDate "1998.07.??"]
[EventType "tourn"]
[EventRounds "9"]
[EventCountry "FRA"]
[EventCategory "3"]
[SourceTitle "EXT 1999"]
[Source "ChessBase"]
[SourceDate "1998.11.16"]
[SourceVersion "1"]
[SourceVersionDate "1998.11.16"]
[SourceQuality "1"]

1. e4 c5 2. Nf3 e6 3. b3 Nc6 4. Bb5 Nge7 5. 0-0 Ng6 6. Bb2 f6 7. Re1 Be7 8. d4 cxd4 9. Nxd4 0-0 10. a4 a6 11. Bf1 Qb6 12. Nxc6 dxc6 13. Ba3 Rd8 14. Qf3 Qc7 15. Qe3 c5 16. Nc3 b6 17. g3 Bb7 18. h4 Ne5 19. Bh3 Bc8 20. Ne2 Nc6 21. c3 Bd6 22. Red1 Qe7 23. Nf4 Bxf4 24. gxf4 Na5 25. Rdb1 Bb7 26. Bf1 Qe8 27. b4 Qg6+ 28. Qg3 cxb4 29. Qxg6 hxg6 30. Rxb4 Bxe4 31. Rxe4 Nb3 32. Rae1 Nd2 33. R4e3 Rac8 34. Kg2 1-0

[Event "Bagneux"]
[Site "Bagneux"]
[Date "1998.??.??"]
[Round "3"]
[White "Le Quang, Kim"]
[Black "Eusebe, Aurelien"]
[Result "1-0"]
[WhiteElo "2265"]
[BlackElo "2170"]
[PlyCount "75"]
[EventDate "1998.07.??"]
[EventType "tourn"]
[EventRounds "9"]
[EventCountry "FRA"]
[EventCategory "3"]
[SourceTitle "EXT 1999"]
[Source "ChessBase"]
[SourceDate "1998.11.16"]
[SourceVersion "1"]
[SourceVersionDate "1998.11.16"]
[SourceQuality "1"]

1. e4 c5 2. Nf3 Nc6 3. d4 cxd4 4. Nxd4 g6 5. Nc3 Bg7 6. Be3 Nf6 7. Bc4 0-0 8. Bb3 a5 9. a4 Ng4 10. Qxg4 Nxd4 11. Qh4 Nxb3 12. cxb3 Ra6 13. 0-0 Re6 14. Rfe1 b6 15. Bh6 Bxh6 16. Qxh6 Bb7 17. Re3 f6 18. Rd1 Rf7 19. Qh3 f5 20. e5 Qc8 21. f4 Rg7 22. Red3 Qc5+ 23. Kh1 d6 24. Qh4 g5 25. Qh5 Qc6 26. Nd5 Reg6 27. fxg5 dxe5 28. Rc3 Qxd5 29. Rxd5 Bxd5 30. Rc8+ Kf7 31. h4 Rg8 32. Qxh7+ R8g7 33. Qh8 Rg8 34. Qxe5 Rxc8 35. Qxf5+ Kg7 36. Qxc8 Rc6 37. Qd7 Rc1+ 38. Kh2 1-0

[Event "FRA-ch U18"]
[Site "Montlucon"]
[Date "1997.??.??"]
[Round "8"]
[White "Eusebe, Aurelien"]
[Black "Benitah, Yohan"]
[Result "1/2-1/2"]
[WhiteElo "2150"]
[BlackElo "2285"]
[PlyCount "23"]
[EventDate "1997.??.??"]
[EventType "swiss"]
[EventRounds "8"]
[EventCountry "FRA"]
[SourceTitle "EXT 2001"]
[Source "ChessBase"]
[SourceDate "2000.11.22"]
[SourceVersion "1"]
[SourceVersionDate "2000.11.22"]
[SourceQuality "1"]

1. d4 Nf6 2. Nf3 g6 3. c4 Bg7 4. Nc3 d5 5. e3 c6 6. cxd5 cxd5 7. Be2 0-0 8. 0-0 Nc6 9. b3 Bf5 10. Bb2 Rc8 11. Rc1 Ne4 12. Nd2 1/2-1/2

[Event "EU-ch U18"]
[Site "Tallinn"]
[Date "1997.??.??"]
[Round "1"]
[White "Eusebe, Aurelien"]
[Black "Halkias, Stelios"]
[Result "0-1"]
[WhiteElo "2205"]
[BlackElo "2385"]
[PlyCount "92"]
[EventDate "1997.??.??"]
[EventType "swiss"]
[EventRounds "9"]
[EventCountry "EST"]
[SourceTitle "EXT 1998"]
[Source "ChessBase"]
[SourceDate "1997.11.17"]
[SourceVersion "1"]
[SourceVersionDate "1997.11.17"]
[SourceQuality "1"]

1. e4 c5 2. Nf3 e6 3. Nc3 a6 4. g3 Nc6 5. Bg2 g6 6. d4 cxd4 7. Nxd4 d6 8. 0-0 Bg7 9. Nxc6 bxc6 10. Qd3 Ne7 11. Be3 Rb8 12. Rab1 0-0 13. Rfd1 Qc7 14. Na4 d5 15. Bc5 Rd8 16. Qe3 Re8 17. Bb6 Qb7 18. Rd3 e5 19. Rb3 Qa8 20. Nc5 dxe4 21. Qxe4 Nd5 22. Ba5 Bf5 23. Qe2 Rb5 24. Rxb5 axb5 25. Nb3 e4 26. a3 e3 27. Bxd5 cxd5 28. Bc3 Bxc3 29. bxc3 exf2+ 30. Qxf2 Qxa3 31. Rf1 Qe7 32. Nd4 Bh3 33. Ra1 Qc5 34. Re1 Rxe1+ 35. Qxe1 b4 36. Qe8+ Kg7 37. Qe5+ f6 38. Qe3 Qxc3 39. Qxc3 bxc3 40. Ne2 Kf7 41. Nxc3 Ke6 42. Kf2 Bf5 43. Ne2 Ke5 44. c3 Ke4 45. Nf4 g5 46. Nh5 Ke5 0-1

[Event "EU-ch U18"]
[Site "Tallinn"]
[Date "1997.??.??"]
[Round "9"]
[White "Eusebe, Aurelien"]
[Black "Pihlajasalo, Antti"]
[Result "1/2-1/2"]
[WhiteElo "2205"]
[BlackElo "2245"]
[PlyCount "108"]
[EventDate "1997.??.??"]
[EventType "swiss"]
[EventRounds "9"]
[EventCountry "EST"]
[SourceTitle "EXT 1998"]
[Source "ChessBase"]
[SourceDate "1997.11.17"]
[SourceVersion "1"]
[SourceVersionDate "1997.11.17"]
[SourceQuality "1"]

1. c4 e6 2. Nf3 d5 3. g3 c5 4. Bg2 Nc6 5. 0-0 Nf6 6. cxd5 exd5 7. d4 Be6 8. Nc3 Be7 9. dxc5 Bxc5 10. Na4 Be7 11. Be3 0-0 12. Rc1 Ng4 13. Bc5 Re8 14. h3 Nge5 15. Nxe5 Nxe5 16. b3 Nc6 17. Bxe7 Qxe7 18. Nc5 Rad8 19. Qc2 Bc8 20. e3 Qf6 21. Kh2 Qh6 22. Nd3 Bf5 23. Qc3 d4 24. exd4 Nxd4 25. Nf4 Ne6 26. Nxe6 Bxe6 27. Rcd1 Rxd1 28. Rxd1 Qh5 29. Re1 h6 30. Qc7 Qg5 31. f4 Qd8 32. Qxb7 Qd2 33. Qe4 Bd7 34. Qxe8+ Bxe8 35. Rxe8+ Kh7 36. a4 a5 37. Re7 f6 38. Rb7 Kg6 39. h4 Qe3 40. Rb5 f5 41. Kh3 Kf6 42. Rxa5 Qxb3 43. Ra6+ Kf7 44. Kh2 Qd3 45. Ra8 Kg6 46. a5 Kh5 47. Rg8 Qc3 48. Kh3 Kg6 49. a6 Qa1 50. Rc8 Kh7 51. Rc6 Qa3 52. Kh2 Qa5 53. Re6 Qa2 54. Rd6 Qa3 1/2-1/2

[Event "EU-ch U18"]
[Site "Tallinn"]
[Date "1997.??.??"]
[Round "4"]
[White "Kerek, Krisztian"]
[Black "Eusebe, Aurelien"]
[Result "1-0"]
[WhiteElo "2310"]
[BlackElo "2205"]
[PlyCount "69"]
[EventDate "1997.??.??"]
[EventType "swiss"]
[EventRounds "9"]
[EventCountry "EST"]
[SourceTitle "EXT 1998"]
[Source "ChessBase"]
[SourceDate "1997.11.17"]
[SourceVersion "1"]
[SourceVersionDate "1997.11.17"]
[SourceQuality "1"]

1. e4 c5 2. Nf3 Nc6 3. d4 cxd4 4. Nxd4 g6 5. c4 Nf6 6. Nc3 d6 7. Be2 Nxd4 8. Qxd4 Bg7 9. 0-0 0-0 10. Qd3 a6 11. Be3 Be6 12. a4 Rc8 13. Nd5 Bxd5 14. cxd5 Nd7 15. Qb3 Rc7 16. Rac1 Nc5 17. Qb6 Rc8 18. Bxc5 Rxc5 19. Qxb7 Qc8 20. Qxc8 Rfxc8 21. Rxc5 dxc5 22. b3 Rb8 23. Bc4 Bd4 24. g3 g5 25. Kg2 Rb6 26. h3 Rg6 27. f4 gxf4 28. Rxf4 Be5 29. d6 Rxd6 30. Rxf7 e6 31. Re7 Rd2+ 32. Kf3 Bd4 33. Rxe6 Kg7 34. Rxa6 h5 35. Kf4 1-0

[Event "FRA-chT"]
[Site "France"]
[Date "1996.??.??"]
[Round "?"]
[White "Eusebe, Aurelien"]
[Black "Guigonis, Dominique"]
[Result "0-1"]
[WhiteElo "2145"]
[BlackElo "2315"]
[PlyCount "106"]
[EventDate "1996.??.??"]
[EventType "team"]
[EventRounds "11"]
[EventCountry "FRA"]
[SourceTitle "CBM 055 Extra"]
[Source "ChessBase"]
[SourceDate "1997.01.01"]
[SourceVersion "1"]
[SourceVersionDate "1997.01.01"]
[SourceQuality "1"]

1. e4 e5 2. Nf3 Nc6 3. Nc3 Be7 4. d4 exd4 5. Nxd4 Bf6 6. Be3 Nge7 7. Qd2 0-0 8. 0-0-0 d6 9. Kb1 Ng6 10. Nd5 Bxd4 11. Bxd4 f5 12. Bc4 Kh8 13. exf5 Bxf5 14. Bc3 Nce5 15. Bb3 c6 16. Ne3 d5 17. h4 h5 18. f4 Ng4 19. Qd4 Qc7 20. Nxf5 Rxf5 21. g3 Rf7 22. Bb4 b6 23. c4 Rd8 24. cxd5 c5 25. Qd3 Rd6 26. Bc3 Nf2 27. Qe2 Nxh1 28. Qxh5+ Kg8 29. Rxh1 Qd7 30. Bc2 Nf8 31. Rd1 b5 32. Be4 Qh3 33. Be5 Rh6 34. Qf3 Nd7 35. Qc3 Nf6 36. Bxf6 Rfxf6 37. Qxc5 Qg4 38. Rd2 Qxg3 39. Qc8+ Rf8 40. Qc1 Qxf4 41. Bg2 Rhf6 42. Qd1 Rd8 43. h5 Qg3 44. Qe2 Kf8 45. Rd3 Qf2 46. Qxf2 Rxf2 47. Bh3 Ke7 48. Be6 Rdf8 49. a3 R8f3 50. Rd4 Rb3 51. d6+ Kxe6 52. d7 Rbxb2+ 53. Ka1 Rbd2 0-1

[Event "FRA-chT"]
[Site "France"]
[Date "1996.??.??"]
[Round "?"]
[White "Vaisman, Volodia"]
[Black "Eusebe, Aurelien"]
[Result "1-0"]
[WhiteElo "2385"]
[BlackElo "2145"]
[PlyCount "129"]
[EventDate "1996.??.??"]
[EventType "team"]
[EventRounds "11"]
[EventCountry "FRA"]
[SourceTitle "CBM 055 Extra"]
[Source "ChessBase"]
[SourceDate "1997.01.01"]
[SourceVersion "1"]
[SourceVersionDate "1997.01.01"]
[SourceQuality "1"]

1. d4 Nf6 2. Nf3 e6 3. Bg5 Be7 4. Nbd2 d5 5. e3 0-0 6. Bd3 c5 7. c3 Nbd7 8. Ne5 h6 9. Bf4 cxd4 10. exd4 Nxe5 11. dxe5 Nd7 12. Nf3 Nc5 13. Bc2 Bd7 14. 0-0 Ne4 15. Nd4 Bg5 16. Bxg5 Qxg5 17. f4 Qe7 18. Bxe4 dxe4 19. Qe2 Bc6 20. Nxc6 bxc6 21. Qxe4 Qc5+ 22. Qd4 Qb5 23. c4 Qb4 24. a3 Rad8 25. axb4 Rxd4 26. b3 Rb8 27. Rxa7 Rxb4 28. Rf3 Rd1+ 29. Kf2 Rd2+ 30. Kg3 Rb2 31. Ra3 Kh7 32. Kh3 h5 33. Rd3 Rb7 34. Rg3 Kh6 35. Ra8 Kh7 36. Rc8 R7xb3 37. Rxc6 Rxg3+ 38. hxg3 Kg6 39. Rc7 Rb1 40. g4 Rh1+ 41. Kg3 hxg4 42. Kxg4 Rc1 43. Rc6 Kh7 44. Kg5 Rc3 45. g4 Rg3 46. Rc7 Kg8 47. Rc8+ Kh7 48. Rf8 Rc3 49. Rxf7 Rxc4 50. Re7 Rc6 51. Rd7 Rc8 52. Re7 Rc6 53. f5 exf5 54. gxf5 Kg8 55. e6 Rc1 56. Re8+ Kh7 57. Ra8 Re1 58. Kf4 g6 59. Kg5 gxf5 60. Kf6 f4 61. Ra3 Kg8 62. e7 f3 63. Rxf3 Re2 64. Rg3+ Kh7 65. Rg5 1-0

[Event "EU-ch U16"]
[Site "Zagan"]
[Date "1995.??.??"]
[Round "3"]
[White "Eusebe, Aurelien"]
[Black "De Vreugt, Dennis"]
[Result "1-0"]
[WhiteElo "2125"]
[BlackElo "2270"]
[PlyCount "71"]
[EventDate "1995.??.??"]
[EventType "swiss"]
[EventRounds "11"]
[EventCountry "POL"]
[SourceTitle "EXT 1997"]
[Source "ChessBase"]
[SourceDate "1996.11.15"]
[SourceVersion "1"]
[SourceVersionDate "1996.11.15"]
[SourceQuality "1"]

1. e4 c5 2. Nf3 Nc6 3. Bb5 g6 4. 0-0 Bg7 5. Re1 Nf6 6. e5 Nd5 7. Nc3 Nc7 8. Bxc6 dxc6 9. Ne4 Ne6 10. a4 a5 11. d3 0-0 12. Bd2 b6 13. Qc1 Ba6 14. Bh6 c4 15. Bxg7 Kxg7 16. dxc4 Bxc4 17. Neg5 h6 18. Nxe6+ Bxe6 19. Ra3 c5 20. h3 Qc7 21. Nh2 Rad8 22. Ng4 Rh8 23. f4 Qc6 24. Rd1 Qe4 25. Rxd8 Rxd8 26. f5 Bxf5 27. Qxh6+ Kg8 28. Re3 Rd1+ 29. Kh2 Qd5 30. c4 Qd2 31. Rb3 Qd4 32. Rxb6 Qg1+ 33. Kg3 Rd3+ 34. Kh4 Qe1+ 35. Kg5 Rd8 36. Nf6+ 1-0

[Event "EU-ch U16"]
[Site "Zagan"]
[Date "1995.??.??"]
[Round "1"]
[White "Eusebe, Aurelien"]
[Black "Dervishi, Erald"]
[Result "1/2-1/2"]
[WhiteElo "2125"]
[BlackElo "2310"]
[PlyCount "115"]
[EventDate "1995.??.??"]
[EventType "swiss"]
[EventRounds "11"]
[EventCountry "POL"]
[SourceTitle "EXT 1997"]
[Source "ChessBase"]
[SourceDate "1996.11.15"]
[SourceVersion "1"]
[SourceVersionDate "1996.11.15"]
[SourceQuality "1"]

1. Nf3 Nf6 2. g3 e6 3. Bg2 d5 4. 0-0 Be7 5. d3 0-0 6. Nbd2 b6 7. e4 Bb7 8. e5 Nfd7 9. Re1 c5 10. Nf1 Nc6 11. h4 Qc7 12. Bf4 Rfe8 13. h5 h6 14. N1h2 Nf8 15. Ng4 Nh7 16. Qd2 Bf8 17. Ne3 b5 18. g4 d4 19. Nf1 Ne7 20. g5 hxg5 21. Nxg5 Bxg2 22. Kxg2 Nf5 23. Re4 Rad8 24. Nxh7 Kxh7 25. Bg5 Rd5 26. Rae1 c4 27. Ng3 Qd7 28. Rf4 f6 29. Bh4 Rxe5 30. Rxe5 fxe5 31. Rg4 Qf7 32. Qe2 cxd3 33. cxd3 Bd6 34. Ne4 Nxh4+ 35. Rxh4 Be7 36. Rg4 Rc8 37. Ng5+ Bxg5 38. Rxg5 Qb7+ 39. Kg3 Rc1 40. Rxe5 Rg1+ 41. Kf4 Kh6 42. Rxe6+ Kh7 43. Qe4+ Qxe4+ 44. Kxe4 Rf1 45. Re5 b4 46. Kxd4 Rxf2 47. Ra5 Rxb2 48. Rxa7 b3 49. axb3 Rxb3 50. Kc4 Rb1 51. Re7 Rh1 52. Re5 g6 53. Re7+ Kh6 54. hxg6 Kxg6 55. Kd5 Kf6 56. Re3 Rh8 57. d4 Rd8+ 58. Kc5 1/2-1/2

[Event "Avoine op 10th"]
[Site "Avoine"]
[Date "1995.??.??"]
[Round "2"]
[White "Eusebe, Aurelien"]
[Black "Pytel, Krzysztof"]
[Result "0-1"]
[WhiteElo "2090"]
[BlackElo "2490"]
[PlyCount "86"]
[EventDate "1995.08.??"]
[EventType "swiss"]
[EventRounds "9"]
[EventCountry "FRA"]
[SourceTitle "EXT 1997"]
[Source "ChessBase"]
[SourceDate "1996.11.15"]
[SourceVersion "1"]
[SourceVersionDate "1996.11.15"]
[SourceQuality "1"]

1. e4 c6 2. d4 d5 3. e5 c5 4. dxc5 Nc6 5. Bb5 e6 6. Be3 Nge7 7. Nf3 Nf5 8. Bd4 Nfxd4 9. Nxd4 Bd7 10. Bxc6 bxc6 11. b4 Qb8 12. c3 a5 13. Nc2 axb4 14. cxb4 Qxe5+ 15. Qe2 Qb2 16. 0-0 Be7 17. a4 0-0 18. Qd3 Rfb8 19. Nd2 Bf6 20. Ra3 g6 21. Rb1 Qe5 22. b5 Be7 23. Nc4 Qf4 24. Nd6 Bxd6 25. g3 Qg4 26. cxd6 Rxa4 27. Ne3 Rxa3 28. Qxa3 Qd4 29. Qa5 Qd3 30. Rb4 c5 31. Qc7 Rxb5 32. Qxd7 Rxb4 33. Qe8+ Kg7 34. d7 Qb1+ 35. Kg2 Rb8 36. d8Q Rxd8 37. Qxd8 c4 38. Qd6 Qe4+ 39. Kh3 c3 40. Qc5 d4 41. Qc4 Qe5 42. Nf1 Qh5+ 43. Kg2 Qd5+ 0-1